Ciudades más pobladas de México (Español-Spanish) - Estadísticas

Estadísticas generales
  • Esta prueba ha sido intentada 871 veces
  • La puntuación promedio es 7 de 11
Estadísticas de respuestas
Hint Respuesta % Correcto
1 Ciudad de México 20 116 842 Habitantes
97%
2 Guadalajara 4 434 878 Habitantes
94%
3 Monterrey 4 106 054 Habitantes
90%
4 Puebla 2 728 790 Habitantes
73%
6 Tijuana 1 751 430 Habitantes
68%
5 Toluca 1 936 126 Habitantes
50%
8 Ciudad Juárez 1 332 131 Habitantes
49%
10 Querétaro 1 097 025 Habitantes
44%
7 León 1 609 504 Habitantes
40%
11 San Luis Potosí 1 040 443 Habitantes
24%
9 Torreón 1 215 817 Habitantes
22%
No se encontraron pruebas coincidentes
Distribución de puntuación
Porcentaje de gente con cada puntuación
Porcentaje por número respondido
Historial de tus puntuaciones
No has intentado esta prueba.